The Lladró collection reference guide / (Запис № 520066)

МАРК-запис
000 -LEADER
fixed length control field 01525cam a2200361Ia 4500
001 - CONTROL NUMBER
control field lladrcollectio00john
003 - CONTROL NUMBER IDENTIFIER
control field CaSfIA
005 - DATE AND TIME OF LATEST TRANSACTION
control field 20210118165035.0
007 - PHYSICAL DESCRIPTION FIXED FIELD--GENERAL INFORMATION
fixed length control field cr||||
008 - FIXED-LENGTH DATA ELEMENTS--GENERAL INFORMATION
fixed length control field 970107s1996 maua 001 0 eng d
010 ## - LIBRARY OF CONGRESS CONTROL NUMBER
LC control number 96076536
040 ## - CATALOGING SOURCE
Original cataloging agency JED
Transcribing agency JED
Modifying agency VPL
-- CaSfIA
020 ## - INTERNATIONAL STANDARD BOOK NUMBER
Terms of availability $19.95
035 ## - SYSTEM CONTROL NUMBER
System control number (OCoLC)36169587
092 ## - LOCALLY ASSIGNED DEWEY CALL NUMBER (OCLC)
Classification number 738.20946
Item number J67l 1996
100 1# - MAIN ENTRY--PERSONAL NAME
Personal name Johnson, Glenn S.
245 14 - TITLE STATEMENT
Title The Lladró collection reference guide /
Medium [electronic resource]
Statement of responsibility, etc by Glenn S. Johnson.
246 14 - VARYING FORM OF TITLE
Title proper/short title Official Lladró collection reference guide
250 ## - EDITION STATEMENT
Edition statement 1st ed.
260 ## - PUBLICATION, DISTRIBUTION, ETC. (IMPRINT)
Place of publication, distribution, etc Ayer, MA :
Name of publisher, distributor, etc Clear Communications,
Date of publication, distribution, etc c1996.
300 ## - PHYSICAL DESCRIPTION
Extent xxxviii, 618 p. :
Other physical details ill. ;
Dimensions 22 cm.
500 ## - GENERAL NOTE
General note Includes indexes.
506 ## - RESTRICTIONS ON ACCESS NOTE
Standardized terminology for access restriction Необхідна авторизація на https://archive.org/ (створення облікового запису безкоштовно)
506 ## - RESTRICTIONS ON ACCESS NOTE
Standardized terminology for access restriction Необхідна авторизація на https://openlibrary.org/ (створення облікового запису безкоштовно)
650 #0 - SUBJECT ADDED ENTRY--TOPICAL TERM
Topical term or geographic name as entry element Porcelain, Spanish
General subdivision Collectors and collecting.
650 #0 - SUBJECT ADDED ENTRY--TOPICAL TERM
Topical term or geographic name as entry element Lladró figurines
Form subdivision Catalogs.
650 #0 - SUBJECT ADDED ENTRY--TOPICAL TERM
Topical term or geographic name as entry element Lladró figurines
General subdivision Prices.
650 #0 - SUBJECT ADDED ENTRY--TOPICAL TERM
Topical term or geographic name as entry element Porcelain, Spanish
Form subdivision Catalogs.
610 20 - SUBJECT ADDED ENTRY--CORPORATE NAME
Corporate name or jurisdiction name as entry element Lladró, S.A.
856 41 - ELECTRONIC LOCATION AND ACCESS
Uniform Resource Identifier <a href="http://www.archive.org/details/lladrcollectio00john">http://www.archive.org/details/lladrcollectio00john</a>
Public note Free eBook from the Internet Archive
856 42 - ELECTRONIC LOCATION AND ACCESS
Uniform Resource Identifier <a href="http://www.openlibrary.org/books/OL24374583M">http://www.openlibrary.org/books/OL24374583M</a>
Public note Additional information and access via Open Library
942 ## - ADDED ENTRY ELEMENTS (KOHA)
Koha item type ЕКнига

Немає доступних примірників.